[Event "Match"]
[Site "www.echecsemail.com"]
[Date "2020.04.19"]
[Round "1"]
[White "Orae"]
[Black "Libiesse"]
[WhiteElo "1720"]
[BlackElo "1970"]
[Result "0-1"]
[Round "1"]
1.e4 c5
2.Bf1c4 e6
3.d4 cxd4
4.Ng1f3 Qd8c7
5.Qd1xd4 Nb8c6
6.Qd4e3 a6
7.Nf3g5 b5
8.Qe3f3 Ng8h6
9.Bc1f4 Bf8d6
10.Bf4xd6 Qc7xd6
11.Qf3xf7 Nh6xf7
12.Ng5xf7 Kxf7
13.Bc4e2 Qd6b4
14.Nb1c3 Qb4xb2
15.Kd2 b4
16.Rh1b1 Qb2xc3
17.Kd1 Qc3d4
18.Be2d3 Qd4xf2
19.Bd3e2 Ke7
20.a3 Nc6d4
21.c3 Qf2xe2
{ resign }
0-1

[Event "Match"]
[Site "www.echecsemail.com"]
[Date "2020.04.19"]
[Round "1"]
[White "Calponas"]
[Black "Apdash"]
[WhiteElo "2070"]
[BlackElo "2220"]
[Result "1-0"]
[Round "1"]
1.e4 c5
2.Ng1f3 Nb8c6
3.Bf1b5 d6
4.O-O a6
5.Bb5xc6 bxc6
6.c4 d5
7.exd5 cxd5
8.cxd5 Qd8xd5
9.Nb1c3 Qd5d8
10.d4 cxd4
11.Nf3xd4 Bc8d7
12.Bc1f4 Ng8f6
13.Bf4g3 e6
14.Ra1c1 Bf8e7
15.Qd1f3 O-O
16.Rf1d1 Qd8b6
17.b3 Ra8c8
18.Bg3e5 Bd7b5
19.Nd4xb5 axb5
20.h3 b4
21.Nc3e4 Nf6xe4
22.Qf3xe4 Rc8xc1
23.Rd1xc1 Be7c5
24.Qe4f3 f6
25.Be5g3  { time }
1-0

[Event "Match"]
[Site "www.echecsemail.com"]
[Date "2020.04.19"]
[Round "1"]
[White "Goofy"]
[Black "Storzman"]
[WhiteElo "2380"]
[BlackElo "2280"]
[Result "0-1"]
[Round "1"]
1.e4 e6
2.d4 d5
3.Nb1c3 Bf8b4
4.exd5 exd5
5.a3 Bb4xc3
6.bxc3 Ng8e7
7.Bf1d3 Nb8c6
8.Qd1f3 Bc8e6
9.Ng1e2 Qd8d7
10.Ne2g3 Nc6a5
11.h3 O-O
12.O-O f6
13.Rf1e1 Ne7g6
14.Ng3f5 Ra8e8
15.a4 Be6xf5
16.Re1xe8 Rf8xe8
17.Bd3xf5 Re8e1
18.Kh2 Qd7d6
19.Qf3g3 Qd6xg3
20.Kxg3 Na5c4
21.Bf5d3 Nc4d6
22.Bc1b2 Nd6e4
23.Bd3xe4 Re1xe4
24.Ra1c1 Kf7
25.Kh2 Ng6e7
26.Kg1 Ne7c6
27.Kf1 Nc6a5
28.Rc1e1 Re4e6
29.Re1a1 Na5c4
30.Bb2c1 Re6a6
31.Bc1f4 b5
32.Bf4xc7 Ra6xa4
{ resign }
0-1

[Event "1/16 Finale"]
[Site "www.chess-mail.com"]
[Date "2020.04.20"]
[Round "1"]
[White "Szustan"]
[Black "George1955"]
[WhiteElo "2690"]
[BlackElo "2650"]
[Result "1/2-1/2"]
[Round "1"]
1.e4 e5
2.Ng1f3 Nb8c6
3.Nb1c3 Ng8f6
4.d4 exd4
5.Nf3xd4 Bf8b4
6.Nd4xc6 bxc6
7.Bf1d3 d5
8.O-O Bb4xc3
9.bxc3 dxe4
10.Bd3e2 Qd8d6
11.Ra1b1 O-O
12.Qd1e1 Rf8e8
13.c4 Nf6g4
14.Be2xg4 Bc8xg4
15.a4 Qd6g6
16.Kh1 Qg6e6
17.Qe1c3 Bg4e2
18.Rf1e1 Be2xc4
19.Qc3g3 Re8e7
20.Bc1e3 a6
21.h4 Re7d7
22.Re1d1 Bc4d5
23.a5 Ra8c8
24.Kg1 f6
25.Rb1b7 Rd7e7
26.Rd1b1 c5
27.Be3xc5 Bd5xb7
28.Bc5xe7 Bb7c6
29.Be7b4 Qe6d5
30.Rb1b3 Rc8e8
31.Rb3e3 Re8b8
32.Bb4e1 Qd5d7
33.Re3b3 Rb8e8
34.Kh2 h6
35.Qg3g6 Kh8
36.Rb3g3 e3
37.Rg3xe3 Re8xe3
38.fxe3 Qd7d5
39.Qg6g4 Bc6b7
40.Be1b4 Kg8
41.c3 h5
42.Qg4g6 Bb7c6
43.Qg6g3 Qd5c4
44.Bb4e7 Qc4e6
45.Be7d8 Bc6e4
46.Bd8xc7 Qe6b3
47.Qg3f2 Qb3xc3
48.Bc7b6 { draw }
1/2-1/2

[Event "1/128 Finale"]
[Site "www.chess-mail.com"]
[Date "2020.04.20"]
[Round "1"]
[White "Laskerist"]
[Black "Picifarkinca"]
[WhiteElo "1809"]
[BlackElo "1540"]
[Result "1-0"]
[Round "1"]
1.d4 Ng8f6
2.c4 e5
3.dxe5 Nf6g4
4.Ng1f3 Nb8c6
5.Bc1f4 Bf8b4
6.Nb1d2 Qd8e7
7.e3 Ng4xe5
8.Nf3xe5 Nc6xe5
9.Bf1e2 Bb4xd2
10.Qd1xd2 d6
11.O-O O-O
12.b4 Bc8e6
13.c5 Ne5c4
14.Be2xc4 Be6xc4
15.cxd6 Rf8d8
16.Qd2c3 Qe7e6
17.dxc7 Rd8d3
18.Qc3c2 Ra8c8
19.Rf1d1 Qe6a6
20.Rd1xd3 Bc4xd3
21.Ra1d1 { resign }
1-0

[Event "Tourn. n10313"]
[Site "www.chess-mail.com"]
[Date "2020.04.20"]
[Round "1"]
[White "Fantomas"]
[Black "Apdash"]
[WhiteElo "2160"]
[BlackElo "2230"]
[Result "1-0"]
[Round "1"]
1.e4 e5
2.Ng1f3 Nb8c6
3.d4 exd4
4.Nf3xd4 Bf8c5
5.Nd4xc6 bxc6
6.Bf1d3 Ng8e7
7.O-O O-O
8.Bc1g5 f6
9.Bg5h4 d5
10.Nb1d2 Bc8e6
11.Rf1e1 Qd8d7
12.Bh4g3 Bc5d6
13.Nd2f1 c5
14.h3 c4
15.exd5 Be6xd5
16.Bd3e4 Bd5xe4
17.Re1xe4 c3
18.b3 Rf8d8
19.Re4c4 Qd7f5
20.Qd1e2 Ne7d5
21.Ra1d1 Rd8e8
22.Qe2d3 Qf5xd3
23.Rd1xd3 Bd6xg3
24.Rd3xd5 Bg3e5
25.f4 Be5d6
26.g3 a5
27.Rc4xc3  { time }
1-0

[Event "Level 6 n°3"]
[Site "www.echecsemail.com"]
[Date "2020.04.20"]
[Round "1"]
[White "Sorim"]
[Black "Piekki"]
[WhiteElo "2220"]
[BlackElo "2310"]
[Result "1-0"]
[Round "1"]
1.d4 Ng8f6
2.c4 g6
3.Ng1f3 Bf8g7
4.g3 O-O
5.Bf1g2 c6
6.O-O d5
7.Nb1c3 a6
8.cxd5 cxd5
9.Qd1b3 b5
10.Bc1g5 Bc8b7
11.Nf3e5 e6
12.a4 { resign }
1-0

[Event "Tourn. n10309"]
[Site "www.chess-mail.com"]
[Date "2020.04.20"]
[Round "1"]
[White "Apdash"]
[Black "Bigrezi"]
[WhiteElo "2220"]
[BlackElo "2200"]
[Result "0-1"]
[Round "1"]
1.e4 c5
2.Ng1f3 d6
3.d4 cxd4
4.Nf3xd4 Ng8f6
5.Nb1c3 a6
6.a4 g6
7.Bf1e2 Bf8g7
8.O-O O-O
9.Bc1g5 Bc8d7
10.Qd1d2 Nb8c6
11.Bg5e3 Nc6e5
12.h3 Ra8c8
13.f4 Ne5c6
14.Nd4f3 Qd8c7
15.Rf1d1 Rf8d8
16.Qd2e1 e6
17.Qe1f2 Rd8e8
18.Be3b6 Qc7b8
19.a5 e5
20.fxe5 Nc6xe5
21.Rd1d2 Ne5c4
22.Be2xc4 Rc8xc4
23.Ra1d1 Nf6xe4
24.Nc3xe4 Rc4xe4
25.Rd2xd6 Re4e2
26.Qf2h4 Bd7b5
27.Rd6d8 Re8xd8
28.Rd1xd8 Qb8xd8
 { time }
0-1

[Event "Tourn. n10353"]
[Site "www.chess-mail.com"]
[Date "2020.04.20"]
[Round "1"]
[White "Alphacygni"]
[Black "Fantomas"]
[WhiteElo "2119"]
[BlackElo "2060"]
[Result "1-0"]
[Round "1"]
1.d4 d5
2.Bc1f4 Ng8f6
3.e3 g6
4.Nb1c3 Bf8g7
5.h4 h5
6.Ng1f3 Bc8g4
7.Qd1d2 Nb8d7
8.Nf3e5 c6
9.Bf1d3 Nd7xe5
10.Bf4xe5 O-O
11.f3 Bg4d7
12.O-O-O Nf6e8
13.g4 Ne8f6
14.Be5xf6 exf6
15.gxh5 gxh5
16.Rd1g1 f5
17.e4 Qd8f6
18.e5 { resign }
1-0

[Event "Tourn. n10330"]
[Site "www.chess-mail.com"]
[Date "2020.04.20"]
[Round "1"]
[White "Passaroa25"]
[Black "Fabos12"]
[WhiteElo "1750"]
[BlackElo "1780"]
[Result "1-0"]
[Round "1"]
1.Ng1f3 Nb8c6
2.c3 e5
3.e4 b6
4.d3 Bc8b7
5.Nb1d2 Ng8f6
6.h3 d5
7.Nd2b3 d4
{ time. }
1-0

[Event "Tourn. n10313"]
[Site "www.chess-mail.com"]
[Date "2020.04.20"]
[Round "1"]
[White "Filidor"]
[Black "Apdash"]
[WhiteElo "2270"]
[BlackElo "2260"]
[Result "1-0"]
[Round "1"]
1.e4 e5
2.Ng1f3 Nb8c6
3.Bf1b5 d6
4.d4 exd4
5.Nf3xd4 Bc8d7
6.Nb1c3 Nc6xd4
7.Bb5xd7 Qd8xd7
8.Qd1xd4 Ng8f6
9.Bc1g5 Bf8e7
10.O-O-O O-O
11.e5 Nf6e8
12.h4 h6
13.Bg5f4 Qd7g4
14.Nc3d5 Qg4d7
15.Rh1e1 Qd7d8
16.Nd5xe7 Qd8xe7
17.exd6 Qe7d7
18.dxc7 Qd7c6
19.Qd4d8 Ne8xc7
20.Qd8xc7 Qc6xg2
21.Bf4e3 b6
22.Re1g1 Qg2e4
23.Qc7c3 Qe4h7
24.Be3d4 f6
25.Bd4xf6 Rf8f7
26.Qc3b3  { time }
1-0

[Event "Tourn. n10297"]
[Site "www.chess-mail.com"]
[Date "2020.04.20"]
[Round "1"]
[White "Scasan55"]
[Black "Agmdiazj"]
[WhiteElo "2050"]
[BlackElo "2019"]
[Result "0-1"]
[Round "1"]
1.e4 c5
2.Ng1f3 d6
3.d4 cxd4
4.Nf3xd4 Ng8f6
5.Nb1c3 e6
6.Bf1e2 a6
7.a4 Bf8e7
8.O-O O-O
9.Bc1e3 Qd8c7
10.Kh1 b6
11.f4 Bc8b7
12.Be2f3 Nb8c6
13.Qd1e2 Rf8d8
14.e5 dxe5
15.Nd4xc6 Bb7xc6
16.Bf3xc6 Qc7xc6
17.fxe5 Nf6d7
18.Qe2h5 Rd8f8
19.Be3d4 Be7c5
20.Bd4xc5 Qc6xc5
21.Rf1e1 b5
22.axb5 axb5
23.Ra1xa8 Rf8xa8
24.Qh5f3 Ra8c8
25.Re1e2 Nd7xe5
26.Qf3b7 Ne5c4
27.Qb7xb5 Qc5xb5
28.Nc3xb5 Nc4xb2
29.c3 Nb2c4
30.Kg1 Rc8c5
31.Nb5d4 Kf8
32.Kf2 g6
33.Re2c2 Ke7
34.Ke2 f6
35.Nd4b3 Rc5c8
36.Nb3d2 Nc4xd2
37.Kxd2 e5
38.c4 Kd6
39.Kd3 f5
40.g3 Kc5
41.Rc2b2 Rc8d8
42.Kc3 Rd8d7
43.Rb2b5 Kd6
44.Rb5b8 e4
45.Kd4 Kc7
46.Ke3 Kxb8
{ resign }
0-1

[Event "Tourn. n10306"]
[Site "www.chess-mail.com"]
[Date "2020.04.20"]
[Round "1"]
[White "Madz123456"]
[Black "Ranjachess"]
[WhiteElo "1820"]
[BlackElo "1830"]
[Result "1-0"]
[Round "1"]
1.e4 e5
2.Ng1f3 d6
3.d4 Bc8g4
4.dxe5 Bg4xf3
5.Qd1xf3 dxe5
6.Qf3g3 Nb8c6
7.Bf1b5 Ng8e7
8.Qg3xe5 Qd8d6
9.Qe5xd6 cxd6
10.Nb1c3 a6
11.Bb5a4 b5
12.Ba4b3 Nc6d4
13.Bc1e3 Ne7c6
14.Nc3d5 Ra8c8
15.c3 Nd4xb3
16.axb3 a5
17.Be3b6 b4
18.Bb6xa5 bxc3
19.Ba5xc3 Bf8e7
20.b4 O-O
21.b5 Nc6e5
22.Nd5xe7 Kh8
23.Ne7xc8 Rf8xc8
24.Bc3xe5 dxe5
25.b6 g6
26.b7 Rc8b8
27.Ra1a8 Rb8xa8
28.bxa8Q Kg7
29.O-O h5
30.Rf1a1 Kh6
31.Qa8h8 Kg5
32.Qh8xe5 Kh6
33.Ra1a8 g5
34.Qe5f6 Kh7
35.Ra8h8 
1-0

[Event "Match"]
[Site "www.echecsemail.com"]
[Date "2020.04.20"]
[Round "1"]
[White "Ztornad"]
[Black "Guidom"]
[WhiteElo "1920"]
[BlackElo "2130"]
[Result "1/2-1/2"]
[Round "1"]
1.Ng1f3 d5
2.d4 c6
3.Bc1d2 Bc8g4
4.h3 Bg4h5
5.c3 Ng8f6
6.Bd2e3 e6
7.g4 Bh5g6
8.Nf3e5 Bf8d6
9.Ne5xg6 hxg6
10.Be3g5 Nb8d7
11.Nb1d2 Qd8c7
12.Rh1g1 Nf6e4
13.Nd2xe4 dxe4
14.Bg5e3 Nd7f6
15.Qd1b3 Nf6d5
16.O-O-O Nd5xe3
17.fxe3 O-O-O
18.Bf1g2 Qc7b6
19.Qb3xb6 axb6
20.Bg2xe4 Rh8xh3
21.Rg1h1 Rd8h8
22.Be4g2 Rh3h2
23.Rh1xh2 Rh8xh2
24.Bg2f3 Kd7
25.c4 Ke7
26.d5 exd5
27.cxd5 c5
28.a3 c4
29.Kc2 Bd6c5
30.e4 g5
31.Rd1b1 Kd6
32.a4 Bc5b4
33.b3 c3
34.Rb1h1 Rh2h4
35.Kd3 Ke5
36.e3 f6
37.Rh1xh4 gxh4
38.Kc2 g6
39.Kd3 f5
40.exf5 gxf5
41.g5 h3
42.e4 fxe4
43.Bf3xe4 c2
44.Kxc2 Kxe4
45.g6 h2
46.g7 h1Q
47.g8Q Qh1h2
48.Kc1 Qh2d2
49.Kb1 Qd2xd5
50.Qg8g4 Ke3
{ draw }
1/2-1/2

[Event "Tourn. n10366"]
[Site "www.chess-mail.com"]
[Date "2020.04.20"]
[Round "1"]
[White "Spinynorman"]
[Black "Laskerist"]
[WhiteElo "1850"]
[BlackElo "1809"]
[Result "0-1"]
[Round "1"]
1.e4 g6
2.d4 Bf8g7
3.Bc1e3 Ng8f6
4.Nb1c3 d6
5.Ng1f3 O-O
6.Qd1d2 c6
7.O-O-O b5
8.h3 b4
9.Nc3e2 Nf6xe4
10.Qd2d3 Bc8f5
11.Qd3b3 a5
12.Ne2g3 Bf5e6
13.Qb3d3 Ne4xg3
14.fxg3 Be6xa2
15.Qd3d2 Nb8d7
16.Be3h6 Nd7f6
17.Bh6xg7 Kxg7
18.g4 Ba2d5
19.Bf1d3 Qd8b6
20.g5 Nf6h5
21.Rh1e1 a4
22.g4 Bd5xf3
{ resign }
0-1

[Event "Match"]
[Site "www.echecsemail.com"]
[Date "2020.04.20"]
[Round "1"]
[White "Logout"]
[Black "Carazo"]
[WhiteElo "1940"]
[BlackElo "1810"]
[Result "1-0"]
[Round "1"]
1.e4 e5
2.Ng1f3 Nb8c6
3.d4 exd4
4.Nf3xd4 Qd8f6
5.Nd4xc6 Bf8c5
6.Qd1e2 bxc6
7.f4 a5
8.e5 Qf6f5
9.Nb1c3 Bc8a6
10.Qe2d2 Ba6xf1
11.Rh1xf1 Bc5b4
12.a3 Bb4xc3
13.Qd2xc3 Qf5e4
14.Bc1e3 Qe4xg2
15.O-O-O Ng8e7
16.Rf1f2 Qg2g6
17.Qc3d4 Ne7d5
18.f5 Qg6h5
19.e6 O-O
20.Rd1g1 f6
21.Rf2g2 g5
22.Be3xg5 Rf8e8
23.Bg5xf6 Kf8
24.Rg2g8 
1-0

[Event "Match"]
[Site "www.echecsemail.com"]
[Date "2020.04.20"]
[Round "1"]
[White "Apdash"]
[Black "Geodad5"]
[WhiteElo "2210"]
[BlackElo "2070"]
[Result "0-1"]
[Round "1"]
1.e4 e5
2.Ng1f3 d6
3.Bf1c4 Bf8e7
4.d4 exd4
5.Nf3xd4 Ng8f6
6.Nb1c3 O-O
7.O-O Nb8d7
8.Kh1 Nd7e5
9.Bc4b3 Bc8d7
10.f4 Ne5g6
11.Bc1e3 c5
12.Nd4f3 Bd7c6
13.Qd1d3 a6
14.a4 Ra8b8
15.Nc3d5 b5
16.axb5 axb5
17.Nd5xe7 Qd8xe7
18.Bb3d5 Bc6xd5
19.exd5 Nf6g4
20.Be3d2 b4
21.h3 Ng4f6
22.Rf1e1 Qe7b7
23.Ra1a6 Nf6xd5
24.Ra6xd6 Nd5xf4
25.Qd3e4 Qb7xe4
26.Re1xe4 Nf4e6
27.c3 bxc3
28.Bd2xc3 Rb8a8
29.Kh2 Ra8a1
30.h4 h5
31.Nf3e5 Ng6xe5
32.Re4xe5 g6
33.g4 hxg4
34.h5 g5
35.h6 Kh7
36.Kg3 Ra1g1
37.Kf2 Rg1h1
38.Kg3 Rh1xh6
 { time }
0-1

[Event "Tourn. n10296"]
[Site "www.chess-mail.com"]
[Date "2020.04.20"]
[Round "1"]
[White "D4minance"]
[Black "Ejner"]
[WhiteElo "2880"]
[BlackElo "2480"]
[Result "1-0"]
[Round "1"]
1.d4 d5
2.c4 e6
3.Ng1f3 c5
4.cxd5 exd5
5.g3 Nb8c6
6.Bf1g2 Ng8f6
7.O-O Bf8e7
8.dxc5 Be7xc5
9.a3 O-O
10.b4 Bc5b6
11.Nb1c3 Rf8e8
12.Bc1b2 a6
13.e3 Bc8g4
14.h3 Bg4e6
15.Nc3e2 Nf6e4
16.Ne2f4 Qd8d6
17.Qd1e2 f6
18.Rf1d1 Be6f7
19.Nf3d2 Qd6e7
20.Nd2xe4 dxe4
21.Nf4d5 Bf7xd5
22.Rd1xd5 Ra8d8
23.Ra1d1 Rd8xd5
24.Rd1xd5 Qe7e6
25.Qe2d1 Re8d8
26.Rd5xd8 Bb6xd8
27.Qd1g4 Qe6xg4
28.hxg4 Nc6e5
29.Bg2xe4 b6
30.g5 g6
31.f4 Ne5g4
32.Be4f3 Ng4xe3
33.Kf2 Ne3f5
34.g4 Nf5d6
35.gxf6 Kf8
36.g5 Nd6f7
37.Ke3 h6
38.f5 { resign }
1-0

[Event "Match"]
[Site "www.echecsemail.com"]
[Date "2020.04.20"]
[Round "1"]
[White "Liencam2"]
[Black "Apdash"]
[WhiteElo "2210"]
[BlackElo "2240"]
[Result "1-0"]
[Round "1"]
1.e4 c5
2.Ng1f3 Nb8c6
3.d4 cxd4
4.Nf3xd4 g6
5.Bc1e3 Bf8g7
6.c3 Ng8f6
7.Bf1d3 d5
8.Nd4xc6 bxc6
9.Nb1d2 e5
10.Be3c5 a5
11.Qd1a4 Bc8d7
12.O-O Bg7f8
13.Bc5xf8 Kxf8
14.Nd2f3 c5
15.Qa4c2 c4
16.Bd3e2 Nf6xe4
17.Be2xc4 Bd7f5
18.Bc4d3 Qd8f6
19.Ra1e1 Kg7
20.Re1e2 Rh8e8
21.Rf1e1 Qf6d6
22.Nf3h4 f6
23.f3 Qd6c5
24.Kf1 Ne4d6
25.Bd3xf5 Nd6xf5
26.Nh4xf5 gxf5
27.Qc2xf5 Ra8a7
28.Qf5d3 a4
29.Qd3e3 Qc5e7
30.Re1d1 Qe7b7
31.Qe3c5 Re8d8
32.Re2d2 e4
33.fxe4 Qb7a6
34.Kg1  { time }
1-0

[Event "Tourn. n10309"]
[Site "www.chess-mail.com"]
[Date "2020.04.20"]
[Round "1"]
[White "Pariolinius"]
[Black "Apdash"]
[WhiteElo "2000"]
[BlackElo "2220"]
[Result "1-0"]
[Round "1"]
1.e4 c5
2.Ng1f3 d6
3.d4 cxd4
4.Nf3xd4 Nb8c6
5.Nb1c3 a6
6.Bc1e3 Ng8f6
7.f3 e5
8.Nd4b3 Bc8e6
9.Qd1d2 Bf8e7
10.O-O-O b5
11.a3 b4
12.axb4 Nc6xb4
13.Kb1 O-O
14.Nc3d5 Nb4xd5
15.exd5 Be6xd5
16.Be3g5 Bd5xb3
17.cxb3 Nf6e8
18.Bg5xe7 Qd8xe7
19.Bf1d3 d5
20.Rh1e1 f5
21.f4 e4
22.Qd2a5 Qe7d6
23.Bd3c2 Ne8c7
24.g3 d4
25.b4 Ra8b8
26.Qa5c5 Qd6xc5
27.bxc5  { time }
1-0

[Event "Tourn. n10328"]
[Site "www.chess-mail.com"]
[Date "2020.04.20"]
[Round "1"]
[White "Rons"]
[Black "Jerome"]
[WhiteElo "2660"]
[BlackElo "2880"]
[Result "0-1"]
[Round "1"]
1.e4 c5
2.Ng1f3 e6
3.d4 cxd4
4.Nf3xd4 Ng8f6
5.Nb1c3 d6
6.g4 e5
7.Nd4f5 h5
8.g5 Nf6xe4
9.Nf5xg7 Bf8xg7
10.Nc3xe4 d5
11.Ne4g3 Nb8c6
12.Ng3xh5 Rh8xh5
13.Qd1xh5 Nc6d4
14.g6 Qd8f6
15.Bc1e3 fxg6
16.Qh5h7 Nd4xc2
17.Kd2 Nc2xe3
18.fxe3 e4
19.Ra1b1 Ke7
20.Bf1h3 Qf6f2
21.Kd1 Kf6
22.Rb1c1 Qf2f3
23.Kd2 Bc8xh3
24.Qh7h4 g5
{ resign }
0-1

[Event "Match"]
[Site "www.echecsemail.com"]
[Date "2020.04.20"]
[Round "1"]
[White "Ericleo1980"]
[Black "Patriciomeza"]
[WhiteElo "2000"]
[BlackElo "1809"]
[Result "1-0"]
[Round "1"]
1.e4 e5
2.Ng1f3 Nb8c6
3.Bf1b5 a6
4.Bb5a4 Ng8f6
5.O-O Nf6xe4
6.d4 b5
7.Ba4b3 d5
8.c3 exd4
9.cxd4 Bf8e7
10.h3 Nc6a5
11.Bb3c2 O-O
12.Qd1e1 c5
13.Bc2xe4 dxe4
14.Qe1xe4 Bc8b7
15.Qe4e2 cxd4
16.Rf1d1 Be7f6
17.Qe2d3 Na5c4
18.Nf3xd4 Qd8d5
19.Nd4f3  { time }
1-0

[Event "Match"]
[Site "www.echecsemail.com"]
[Date "2020.04.21"]
[Round "1"]
[White "Waterman"]
[Black "Watergirl"]
[WhiteElo "1499"]
[BlackElo "1499"]
[Result "1-0"]
[Round "1"]
1.d4 h5
2.Qd1d3 Ng8h6
3.d5 g6
4.Nb1c3 Nb8a6
5.Bc1g5 f6
6.Bg5h4 Nh6g4
7.h3 Ng4xf2
8.Qd3xg6 
1-0

[Event "Tourn. n10317"]
[Site "www.chess-mail.com"]
[Date "2020.04.21"]
[Round "1"]
[White "Passaroa25"]
[Black "Chessdna"]
[WhiteElo "1690"]
[BlackElo "1690"]
[Result "1-0"]
[Round "1"]
1.Ng1f3 d5
2.d4 c6
3.c3 f6
4.Nb1d2 Nb8d7
5.e3 e5
6.Nd2b3 e4
7.Nf3d2 a5
8.Nb3c5 Nd7xc5
9.dxc5 Bf8xc5
10.Nd2b3 Bc5a7
11.Bf1e2 Ng8e7
12.O-O O-O
13.Bc1d2 Qd8d6
14.Nb3xa5 b6
15.Na5b3 Ba7b8
16.g3 g6
17.a3  { time }
1-0

[Event "Tourn. n10327"]
[Site "www.chess-mail.com"]
[Date "2020.04.21"]
[Round "1"]
[White "Osopanda"]
[Black "Estonia"]
[WhiteElo "1850"]
[BlackElo "1910"]
[Result "1-0"]
[Round "1"]
1.e4 e5
2.Ng1f3 Nb8c6
3.Bf1b5 Bf8c5
4.O-O d6
5.c3 Bc8d7
6.d4 exd4
7.cxd4 Bc5b6
8.Bc1e3 Ng8f6
9.Nb1c3 O-O
10.e5 dxe5
11.d5 Nc6d4
12.Bb5xd7 Nf6xd7
13.Nf3xe5 Nd7xe5
14.Be3xd4 Bb6xd4
15.Qd1xd4 Ne5g6
16.Rf1e1 Qd8g5
17.Nc3e4 Qg5d8
18.Ra1d1 b6
19.d6 cxd6
20.Ne4xd6 Qd8g5
21.Qd4e4 h6
22.Rd1d5 Qg5f4
23.Rd5f5 Qf4xe4
24.Re1xe4 Ra8d8
25.Rf5d5 f6
26.Rd5d4 Ng6e5
27.Nd6f5 Kh7
28.Rd4xd8 Rf8f7
29.f4 Ne5c6
30.Rd8c8 { resign }
1-0

[Event "Tourn. n10335"]
[Site "www.chess-mail.com"]
[Date "2020.04.21"]
[Round "1"]
[White "Jerome"]
[Black "Patriciomeza"]
[WhiteElo "2900"]
[BlackElo "2550"]
[Result "1-0"]
[Round "1"]
1.e4 Ng8f6
2.e5 Nf6d5
3.d4 d6
4.Ng1f3 g6
5.Bf1c4 Nd5b6
6.Bc4b3 Bf8g7
7.exd6 cxd6
8.O-O O-O
9.h3  { time }
1-0

[Event "Match"]
[Site "www.echecsemail.com"]
[Date "2020.04.21"]
[Round "1"]
[White "Carazo"]
[Black "Libiesse"]
[WhiteElo "1810"]
[BlackElo "1970"]
[Result "1-0"]
[Round "1"]
1.e4 c5
2.Ng1f3 e6
3.Nb1c3 a6
4.Nf3e5 Qd8c7
5.f4 b5
6.Qd1h5 g6
7.Qh5h4 Bf8e7
8.Qh4h3 Bc8b7
9.d3 d6
10.Ne5f3 Nb8c6
11.Bc1e3 Nc6b4
12.O-O-O Be7f6
13.a3 Bf6xc3
14.axb4 Bc3xb4
15.c3 Ra8c8
16.c4 bxc4
17.dxc4 Bb7xe4
18.Nf3g5 Ng8f6
19.Ng5xe6 fxe6
20.Qh3xe6 { resign }
1-0

[Event "Tourn. n10297"]
[Site "www.chess-mail.com"]
[Date "2020.04.21"]
[Round "1"]
[White "Agmdiazj"]
[Black "Rcdamaceanu"]
[WhiteElo "2019"]
[BlackElo "2010"]
[Result "0-1"]
[Round "1"]
1.d4 d5
2.c4 e6
3.Nb1c3 c5
4.cxd5 exd5
5.Ng1f3 Nb8c6
6.Bc1g5 Bf8e7
7.Bg5xe7 Ng8xe7
8.e3 c4
9.Bf1e2 O-O
10.O-O b5
11.Nc3xb5 Qd8b6
12.Nb5c3 Qb6xb2
13.Nc3a4 Qb2b4
14.Na4c5 Ne7f5
15.Ra1b1 Qb4a5
16.Qd1c2 Nf5d6
17.e4 dxe4
18.Nc5xe4 Bc8f5
19.Nf3d2 Nd6xe4
20.Nd2xe4 Nc6xd4
21.Qc2xc4 Bf5xe4
22.Qc4xd4 Be4xb1
23.Rf1xb1 Ra8b8
24.Rb1a1 Rf8e8
25.Be2f1 h6
26.h3 Rb8d8
27.Qd4c4 Rd8c8
28.Qc4b3 g6
29.Bf1c4 Kg7
30.Bc4xf7 Re8e1
31.Ra1xe1 Qa5xe1
32.Kh2 Qe1e5
33.g3 Rc8f8
{ resign }
0-1

[Event "Match"]
[Site "www.echecsemail.com"]
[Date "2020.04.21"]
[Round "1"]
[White "Andychesston"]
[Black "Picifarkinca"]
[WhiteElo "1910"]
[BlackElo "1680"]
[Result "1-0"]
[Round "1"]
1.e4 e5
2.Ng1f3 Nb8c6
3.d4 exd4
4.Nf3xd4 Qd8h4
5.Nb1c3 Bf8b4
6.Qd1d3 d5
7.Nd4xc6 bxc6
8.Bc1d2 Bc8e6
9.Qd3a6 Ng8e7
10.g3 Qh4h5
11.Bf1e2 { resign }
1-0

[Event "Tourn. n10335"]
[Site "www.chess-mail.com"]
[Date "2020.04.21"]
[Round "1"]
[White "Patriciomeza"]
[Black "Dougbeer"]
[WhiteElo "2520"]
[BlackElo "2510"]
[Result "0-1"]
[Round "1"]
1.e4 e5
2.Ng1f3 Nb8c6
3.Bf1b5 f5
4.Nb1c3 fxe4
5.Nc3xe4 Ng8f6
6.Ne4xf6 Qd8xf6
7.Qd1e2 Bf8e7
8.Bb5xc6 bxc6
9.Qe2xe5 d6
10.Qe5xf6 Be7xf6
11.d3 O-O
 { time }
0-1

[Event "Match"]
[Site "www.echecsemail.com"]
[Date "2020.04.21"]
[Round "1"]
[White "Babedad"]
[Black "Patriciomeza"]
[WhiteElo "2190"]
[BlackElo "1809"]
[Result "1-0"]
[Round "1"]
1.Ng1f3 d5
2.g3 Bc8g4
3.Bf1g2 Nb8d7
4.O-O c6
5.d3 e6
6.Nb1d2 Bf8d6
7.Rf1e1 Ng8e7
8.e4 a5
9.h3 Bg4h5
10.g4 Bh5g6
11.e5 Bd6c7
12.d4 a4
13.a3 h5
14.g5 c5
15.c3 h4
16.Nd2f1 Ne7c6
17.Nf1e3 Qd8e7
18.Ne3g4 Nd7b6
19.Bc1f4 Nb6c4
20.b4 axb3
21.Qd1xb3 cxd4
22.Nf3xd4 Nc4a5
23.Qb3b5 Qe7d7
24.Nd4b3 Nc6xe5
25.Qb5xd7 Ne5xd7
26.Bf4xc7  { time }
1-0

[Event "Tourn. n10358"]
[Site "www.chess-mail.com"]
[Date "2020.04.21"]
[Round "1"]
[White "Azocarfreund"]
[Black "Fangshuo"]
[WhiteElo "1899"]
[BlackElo "1970"]
[Result "1-0"]
[Round "1"]
1.e4 c5
2.c4 g6
3.Ng1f3 Bf8g7
4.d3 e6
5.g3 Ng8e7
6.Bc1e3 b6
7.Nf3g5 O-O
8.Qd1c2 d5
9.Nb1c3 { resign }
1-0

[Event "Match"]
[Site "www.echecsemail.com"]
[Date "2020.04.21"]
[Round "1"]
[White "Logout"]
[Black "Azocarfreund"]
[WhiteElo "1940"]
[BlackElo "1810"]
[Result "1-0"]
[Round "1"]
1.e4 e5
2.Ng1f3 Nb8c6
3.d4 exd4
4.Nf3xd4 Qd8f6
5.Nd4xc6 Bf8c5
6.Qd1e2 bxc6
7.f4 a5
8.e5 Qf6e6
9.Nb1c3 Bc5b4
10.Bc1d2 Bc8a6
11.Qe2f3 Bb4xc3
12.Bd2xc3 Ba6xf1
13.Qf3xf1 d6
14.O-O-O a4
15.exd6 Kd7
16.dxc7 Kxc7
17.Bc3xg7 Qe6e3
18.Kb1 a3
19.Bg7xh8 f6
20.Qf1c4 Ra8b8
21.b3 c5
22.Rh1e1 Qe3f2
23.Qc4f7 Kb6
24.Rd1d6 Ka5
25.Qf7a7 Kb5
26.Qa7a4 
1-0

[Event "Tourn. n10299"]
[Site "www.chess-mail.com"]
[Date "2020.04.21"]
[Round "1"]
[White "Hansen"]
[Black "Jjmcbride"]
[WhiteElo "1670"]
[BlackElo "1630"]
[Result "1-0"]
[Round "1"]
1.e4 e5
2.Qd1h5 Qd8e7
3.Ng1f3 d6
4.Bf1c4 g6
5.Qh5g5 Ng8f6
6.d3 h6
7.Qg5e3 Nf6g4
8.Qe3e2 h5
9.Bc1g5 f6
10.Bg5h4 g5
11.Bh4g3 h4
12.h3 hxg3
13.fxg3 Bc8e6
14.Bc4b5 c6
15.Bb5c4 Be6xc4
16.dxc4 d5
17.cxd5 cxd5
18.exd5 Qe7c5
19.Nb1c3 Qc5a5
20.Nf3d4 Bf8b4
21.Nd4b3 Bb4xc3
22.Kd1 Qa5xd5
23.Kc1 f5
24.Rh1d1 Qd5f7
25.hxg4 Bc3b4
{ time. }
1-0

[Event "Match"]
[Site "www.echecsemail.com"]
[Date "2020.04.21"]
[Round "1"]
[White "Apdash"]
[Black "Hundegana"]
[WhiteElo "2220"]
[BlackElo "1990"]
[Result "0-1"]
[Round "1"]
1.e4 c5
2.Ng1f3 Nb8c6
3.Bf1b5 Nc6d4
4.Nf3xd4 cxd4
5.d3 a6
6.Bb5c4 e6
7.Nb1d2 Bf8c5
8.O-O b5
9.Bc4b3 Bc8b7
10.a4 Ng8e7
11.f4 Ra8c8
12.f5 O-O
13.f6 Ne7g6
14.fxg7 Kxg7
15.axb5 axb5
16.Nd2f3 f6
17.Qd1d2 Kh8
18.Qd2h6 Qd8e7
19.Kh1 Qe7g7
20.Qh6xg7 Kxg7
21.Bc1d2 Rc8a8
22.c4 bxc4
23.Bb3xc4 Ra8xa1
24.Rf1xa1 f5
25.exf5 Rf8xf5
26.b4 Bc5b6
27.b5 d5
28.Bc4b3 h5
29.h3 e5
 { time }
0-1

[Event "1/128 Finale"]
[Site "www.chess-mail.com"]
[Date "2020.04.21"]
[Round "1"]
[White "130983"]
[Black "Gyutan"]
[WhiteElo "1809"]
[BlackElo "2489"]
[Result "0-1"]
[Round "1"]
1.f4 d5
2.Ng1f3 Ng8f6
3.b3 g6
4.Bc1b2 Bf8g7
5.e3 O-O
6.Bf1e2 c5
7.O-O b6
8.a3 Bc8b7
9.h3 e6
10.Nb1c3 d4
11.Nc3a4 Nb8c6
12.Be2b5 Ra8c8
13.exd4 Nc6xd4
14.Nf3xd4 cxd4
15.Bb5d3 Nf6h5
16.Bb2c1 e5
17.fxe5 Bg7xe5
18.Bc1b2 Be5b8
19.Qd1g4 Qd8d6
20.Bb2xd4 Qd6h2
21.Kf2 f5
22.Qg4e2 Bb8g3
{ resign }
0-1

[Event "Tourn. n10351"]
[Site "www.chess-mail.com"]
[Date "2020.04.21"]
[Round "1"]
[White "Szustan"]
[Black "Pdebonis"]
[WhiteElo "2740"]
[BlackElo "2720"]
[Result "1/2-1/2"]
[Round "1"]
1.e4 e5
2.Ng1f3 Nb8c6
3.Nb1c3 Ng8f6
4.d4 exd4
5.Nf3xd4 Bf8b4
6.Nd4xc6 bxc6
7.Bf1d3 d5
8.exd5 cxd5
{ draw }
1/2-1/2

[Event "Tourn. n10338"]
[Site "www.chess-mail.com"]
[Date "2020.04.21"]
[Round "1"]
[White "D4minance"]
[Black "Dahlia"]
[WhiteElo "2870"]
[BlackElo "2609"]
[Result "1-0"]
[Round "1"]
1.d4 a6
2.e4 d5
3.exd5 Qd8xd5
4.Ng1f3 Ng8f6
5.c4 Qd5d8
6.Nb1c3 e6
7.Bf1d3 g6
8.O-O Bf8g7
9.Rf1e1  { time }
1-0